000 00300nam a22001217a 4500
003 SGT
082 _a302.23
_bF94H
100 _aHICKS, ROGER
245 _aFOOD SHOTS A GUIDE TO PROFESSIONAL LIGHTING TECHNIQUES
260 _aSWITZERLAND
_bROTO VISION PUB
_c1994
300 _a159
942 _2ddc
_cBK
999 _c17057
_d17057